LEADER 00843nam a2200253 i 4500 001 991000692489707536 005 20020503195101.0 008 960326s1996 uk ||| | eng 020 $a0745610501 035 $ab10114993-39ule_inst 035 $aLE02520497$9ExL 040 $aFac. Economia$bita 082 0 $a801.95 100 1 $aVice, Sue$0295146 245 10$aPsychoanalytic criticism /$cedited by Sue Vice 260 $aCambridge, UK :$bPolity,$cc1996 300 $aviii, 225 p. ;$c23 cm 650 4$aPsicanalisi 907 $a.b10114993$b22-10-15$c27-06-02 912 $a991000692489707536 945 $aLE025 ECO 801 VIC01.01$g1$i2025000002500$lle025$o-$pE0.00$q-$rl$s- $t0$u0$v0$w0$x0$y.i10134633$z27-06-02 996 $aPsychoanalytic criticism$9197895 997 $aUNISALENTO 998 $ale025$b01-01-96$cm$da $e-$feng$guk $h0$i1 LEADER 01177nam0 22003131i 450 001 UON00479995 005 20231205105244.450 010 $a978-22-00-21894-2 100 $a20170802f1986 |0itac50 ba 101 $afre 102 $aFR 105 $a|||| 1|||| 200 1 $aˆL' ‰implicite$fCatherine Kerbrat-Orecchioni 205 $a2e éd 210 $aParis$cArmand Colin$d1986 215 $a404 p.$d21 cm 410 1$1001UON00164146$12001 $aCollection U. Linguistique$fdirigée par Jean-Claude Chevalier et Simone Delesalle 606 $aLinguaggio$xAnalisi strutturale$3UONC061667$2FI 606 $aLinguistica$3UONC002524$2FI 620 $aFR$dParis$3UONL002984 676 $a401.41$cLinguaggio. Semiotica$v21 700 1$aKERBRAT-ORECCHIONI$bCatherine$3UONV120713$0132789 712 $aColin$3UONV249042$4650 801 $aIT$bSOL$c20250704$gRICA 899 $aSIBA - SISTEMA BIBLIOTECARIO DI ATENEO$2UONSI 912 $aUON00479995 950 $aSIBA - SISTEMA BIBLIOTECARIO DI ATENEO$dSI FS 05965 $eSI FP 9059 5 996 $aImplicite$9182309 997 $aUNIOR